История психологии. XX век (Запись № 1593323)

Подробности
000 -МАРКЕР
контрольное поле 01466nam0a2200385 4500
001 - ИДЕНТИФИКАТОР ЗАПИСИ
контрольное поле RU\NLR\bibl\276949
005 - ИДЕНТИФИКАТОР ВЕРСИИ
контрольное поле 20260405155310.0
010 ## - МЕЖДУНАРОДНЫЙ СТАНДАРТНЫЙ НОМЕР КНИГИ (ISBN)
Номер (ISBN) 5-8291-0092-4
Уточнения Акад. проект
010 ## - МЕЖДУНАРОДНЫЙ СТАНДАРТНЫЙ НОМЕР КНИГИ (ISBN)
Номер (ISBN) 5-88687-090-3
Уточнения Деловая кн.
Тираж 3000
021 ## - НОМЕР ГОСУДАРСТВЕННОЙ РЕГИСТРАЦИИ
Код страны российская федерация
Номер 2001-67619
Номер Листа государственной регистраци 3294
035 ## - ДРУГИЕ СИСТЕМНЫЕ НОМЕРА
Идентификатор записи (NLR Aleph) 000272461
100 ## - ДАННЫЕ ОБЩЕЙ ОБРАБОТКИ
Данные общей обработки 20020530d2002 |||y0rusy50 ca
101 0# - ЯЗЫК РЕСУРСА
Язык текста, звукозаписи и т.д. русский
102 ## - СТРАНА ПУБЛИКАЦИИ ИЛИ ПРОИЗВОДСТВА
Страна публикации российская федерация
105 ## - ПОЛЕ КОДИРОВАННЫХ ДАННЫХ: ТЕКСТОВЫЕ МАТЕРИАЛЫ, МОНОГРАФИЧЕСКИЕ
Кодированные данные о монографическом текстовом документе a |||||||||
200 1# - ЗАГЛАВИЕ И СВЕДЕНИЯ ОБ ОТВЕТСТВЕННОСТИ
Основное заглавие История психологии. XX век
Сведения, относящиеся к заглавию Хрестоматия для высш. шк.
Первые сведения об ответственности П.Я. Гальперин, А.Н. Ждан
210 ## - ПУБЛИКАЦИЯ, РАСПРОСТРАНЕНИЕ И ДР.
Место издания, распространения и т.д. М.
Имя издателя, распространителя и т. д. Акад. проект
Место издания, распространения и т.д. Екатеринбург
Имя издателя, распространителя и т. д. Деловая кн.
Дата издания, распространения и т.д. 2002
215 ## - ФИЗИЧЕСКАЯ ХАРАКТЕРИСТИКА
Специфическое обозначение материала и объем 829, [1] с.
Другие сведения о физической характеристике ил.
Размеры 21
225 1# - СЕРИЯ
Основное заглавие серии Gaudeamus
606 0# - НАИМЕНОВАНИЕ ТЕМЫ КАК ПРЕДМЕТ
Наименование темы Психология
Формальный подзаголовок Хрестоматии
Тематический подзаголовок История
Хронологический подзаголовок 20 в.
Системный номер авторитетной/нормативной записи 1614264
Идентификатор авторитетной/нормативной записи RU\NLR\auth\661010025
610 0# - НЕКОНТРОЛИРУЕМЫЕ ПРЕДМЕТНЫЕ ТЕРМИНЫ
Предметный термин Психология - История - Хрестоматии
675 ## - УНИВЕРСАЛЬНАЯ ДЕСЯТИЧНАЯ КЛАССИФИКАЦИЯ (UDC/УДК)
Индекс 159.9(091)
Издание 3
Язык издания rus
686 ## - ИНДЕКСЫ ДРУГИХ КЛАССИФИКАЦИЙ
Индекс 15
Код системы
686 ## - ИНДЕКСЫ ДРУГИХ КЛАССИФИКАЦИЙ
Индекс 88.1
Код системы
686 ## - ИНДЕКСЫ ДРУГИХ КЛАССИФИКАЦИЙ
Индекс Ю91(0)6я73-3
700 #1 - ИМЯ ЛИЦА - ПЕРВИЧНАЯ ОТВЕТСТВЕННОСТЬ
Код отношения Автор
Начальный элемент ввода Гальперин
Часть имени, кроме начального элемента ввода П.Я.
Даты 1902-1988
Расширение инициалов личного имени Петр Яковлевич
Идентификатор авторитетной/нормативной записи RU\NLR\AUTH\7766111
Системный номер авторитетной/нормативной записи 49040
701 #1 - ИМЯ ЛИЦА - АЛЬТЕРНАТИВНАЯ ОТВЕТСТВЕННОСТЬ
Начальный элемент ввода Ждан
Часть имени, кроме начального элемента ввода А. Н.
Расширение инициалов личного имени Антонина Николаевна
Код отношения Автор
801 #0 - ИСТОЧНИК ЗАПИСИ
Страна российская федерация
Организация RKP
Дата составления 20020530
Правила каталогизации PSBO
801 #1 - ИСТОЧНИК ЗАПИСИ
Страна российская федерация
Организация RKP
Дата составления 20020530
801 #2 - ИСТОЧНИК ЗАПИСИ
Страна российская федерация
Организация NLR
Дата составления 20020711
Правила каталогизации rcr
942 ## - ДОПОЛНИТЕЛЬНЫЕ ЭЛЕМЕНТЫ ЗАПИСИ (АБИС)
Тип экземпляра АБИС Книга
980 ## - КОЛЛЕКЦИЯ
Название коллекции Национальная библиография
Экземпляры
Тип экземпляра Дата поступления Источник поступления Стоимость Библиотека постоянного хранения Библиотека текущего хранения Место хранения Шифр хранения Штрих-код Статус не для выдачи
Книга 17.03.2003 Покупка 134.42 РНБ (Московский) РНБ (Московский) Фонд общего зала социально-экономической литературы С1 Ю91/И-907 1-264486  
Книга 01.12.2005 Покупка 227.70 РНБ (Московский) РНБ (Московский) Обменный фонд, без заказа   2066424  
Книга 17.06.2002 Обязательный экземпляр   РНБ (Московский) РНБ (Московский) Русский книжный фонд: издания с 1957 года, 8этаж 2002-3/14889 285924  
Книга 17.06.2002 Обязательный экземпляр   РНБ (Московский) РНБ (Московский) Русский книжный фонд: издания с 1957 года, 8этаж 2002-3/14889 285925  
Книга 01.12.2005 Покупка 300.00 РНБ (Садовая) РНБ (Садовая) Фонд международного книгообмена   1-162295